| 000 | 00372 a2200133 4500 | ||
|---|---|---|---|
| 001 | 87749 | ||
| 082 | _aPR 126 | ||
| 090 |
_c41208 _d41208 |
||
| 100 | _aUmer Ali, Plt Off | ||
| 245 | _aPerformance validation of 1KW experimental wind turbine | ||
| 260 |
_aRisalpur _bNUST, Risalpur _c2010 |
||
| 300 |
_ax, 52p. _eJahangir khan Kayani, Gp Capt |
||
| 500 | _aBE Project Reports | ||
| 942 |
_aCAE NUST _kPR 126 |
||
| 999 |
_c322822 _d322822 |
||